00299nam a2200133Ia 4500008004100000020001500041041001200056100001400068245003400082250000800116260002500124300000800149650000800157221030s9999 xx 000 0 und d a0070582912 aEnglish aS. M. Sze 0aVLSI Technologycby S. M. Sze a2nd bTMHaNew Delhic2012 a676 aECE